00353nam a2200133Ia 4500003000400000005001700004008004100021040001800062041000800080100004800088110002200136245004100158260002000199OSt20230529143944.0211028s2015 xx 000 0 und d cAIMIT LIBRARY aeng aNaik, Siddhant; Prabhu, S Aravinda.e131916 aS Aravinda Prabhu aInvoice and stock management system. aMangalorec2015